[Event "World ol U16"]
[Site "Eindhoven"]
[Date "2023.08.14"]
[Round "2.23"]
[White "Mayeregger Gonzalez, Renata Valentina"]
[Black "Ramnarine Singh, Aradhana"]
[Result "1-0"]
[WhiteElo "1687"]
[BlackElo "1255"]
[PlyCount "64"]
[EventDate "2023.08.13"]
[EventType "team-swiss"]
[EventRounds "9"]
[EventCountry "NED"]
[SourceTitle "CBM 215 Extra"]
[Source "ChessBase"]
[SourceDate "2023.09.30"]
[SourceVersion "1"]
[SourceVersionDate "2023.09.30"]
[SourceQuality "1"]
[WhiteTeam "Paraguay"]
[BlackTeam "Trinidad and Tobago"]
[WhiteTeamCountry "PAR"]
[BlackTeamCountry "TRI"]

1. e4 e5 2. Nc3 Nf6 3. g3 Nc6 4. Bg2 Bc5 5. Nge2 d6 6. 0-0 0-0 7. Na4 Bb6 8. Nxb6 axb6 9. d3 h6 10. h3 Be6 11. f4 exf4 12. gxf4 Qe7 13. Ng3 Rfe8 14. Be3 Rad8 15. Qe2 Bc8 16. Rae1 Kh7 17. d4 Rf8 18. c3 Qe8 19. Qc2 Kh8 20. e5 dxe5 21. fxe5 Nd5 22. Bc1 b5 23. Qf2 Nce7 24. Qc2 Be6 25. Nh5 Ng6 26. Nf4 Ngxf4 27. Bxf4 Nxf4 28. Rxf4 g6 29. b3 c6 30. Ref1 Qe7 31. Rf6 Bd5 32. Qd2 Kh7 1-0

[Event "Pan American-ch Hybrid U14 Girls 31st"]
[Site "Tornelo INT"]
[Date "2021.09.04"]
[Round "9"]
[White "Lobo Jimenez, Marielys"]
[Black "Ramnarine Singh, Aradhana"]
[Result "1-0"]
[WhiteElo "1110"]
[BlackElo "1211"]
[PlyCount "119"]
[EventDate "2021.09.04"]
[EventType "swiss"]
[EventRounds "9"]
[EventCountry "NET"]
[SourceTitle "EXT 2023"]
[Source "ChessBase"]
[SourceDate "2022.10.05"]
[SourceVersion "1"]
[SourceVersionDate "2022.10.05"]
[SourceQuality "1"]

1. e4 e5 2. Nf3 Nc6 3. Nc3 Nf6 4. d4 exd4 5. Nxd4 Bb4 6. Nxc6 bxc6 7. Bd3 0-0 8. 0-0 d5 9. exd5 cxd5 10. Bg5 Bb7 11. Ne2 Re8 12. Ng3 d4 13. Bc4 h6 14. Bd2 Bxd2 15. Qxd2 Ne4 16. Qf4 Qd7 17. Rfe1 Nxg3 18. Qxg3 Qf5 19. Bd3 Qd5 20. Be2 Qe6 21. f3 c5 22. Bb5 Qb6 23. Rxe8+ Rxe8 24. Bxe8 Qxb2 25. Re1 Qxc2 26. Bd7 d3 27. Qb8+ Kh7 28. Bf5+ g6 29. Qxb7 Kg7 30. Bxd3 Qxd3 31. Qxa7 c4 32. Qe3 Qf5 33. Qe5+ Qxe5 34. Rxe5 c3 35. Rc5 c2 36. Kf2 c1Q 37. Rxc1 f5 38. Ke3 g5 39. Kd4 g4 40. Ke5 Kg6 41. f4 Kh5 42. g3 Kg6 43. Rc6+ Kh5 44. Rxh6+ Kxh6 45. Kxf5 Kh5 46. a4 Kh6 47. a5 Kg7 48. a6 Kf7 49. a7 Ke7 50. Ke5 Kd7 51. a8Q Kc7 52. Qa5+ Kc6 53. Qb4 Kc7 54. Qd6+ Kb7 55. Qc5 Kb8 56. Kd6 Kb7 57. Qc6+ Kb8 58. Qd7 Ka8 59. Kc6 Kb8 60. Qb7# 1-0

[Event "Pan American-ch Hybrid U14 Girls 31st"]
[Site "Tornelo INT"]
[Date "2021.09.04"]
[Round "2"]
[White "Tapia, Luany"]
[Black "Ramnarine Singh, Aradhana"]
[Result "1-0"]
[WhiteElo "1067"]
[BlackElo "1211"]
[PlyCount "53"]
[EventDate "2021.09.04"]
[EventType "swiss"]
[EventRounds "9"]
[EventCountry "NET"]
[SourceTitle "EXT 2023"]
[Source "ChessBase"]
[SourceDate "2022.10.05"]
[SourceVersion "1"]
[SourceVersionDate "2022.10.05"]
[SourceQuality "1"]

1. c4 e5 2. Nc3 Nf6 3. g3 Bc5 4. Bg2 0-0 5. e3 Nc6 6. Nge2 d6 7. 0-0 Bg4 8. h3 Be6 9. d4 exd4 10. exd4 Nxd4 11. Nxd4 Bxc4 12. Re1 Re8 13. Rxe8+ Qxe8 14. b3 Ba6 15. Bb2 Qe5 16. Na4 Rd8 17. Nc6 Bxf2+ 18. Kxf2 Qf5+ 19. Kg1 bxc6 20. Rc1 c5 21. Rxc5 Qd7 22. Rc2 Bb5 23. Qd4 c5 24. Qh4 Qf5 25. Be4 Nxe4 26. Qxd8+ Be8 27. Qxe8# 1-0

[Event "Wch FIDE Online U12 Girls America qual"]
[Site "Tornelo INT"]
[Date "2020.12.03"]
[Round "6"]
[White "Ramnarine Singh, Aradhana"]
[Black "Salvato Leon, Ana Maria"]
[Result "0-1"]
[WhiteElo "1197"]
[BlackElo "1497"]
[PlyCount "134"]
[EventDate "2020.12.01"]
[EventType "swiss (rapid)"]
[EventRounds "7"]
[EventCountry "ISS"]
[SourceTitle "EXT 2022"]
[Source "ChessBase"]
[SourceDate "2021.10.06"]
[SourceVersion "1"]
[SourceVersionDate "2021.10.06"]
[SourceQuality "1"]

1. e4 e5 2. Nf3 Nc6 3. Bc4 Nf6 4. d3 Be7 5. Nc3 0-0 6. 0-0 d6 7. h3 Na5 8. Bb3 Nxb3 9. axb3 Be6 10. Bg5 h6 11. Be3 Nd7 12. Re1 Nb6 13. d4 exd4 14. Bxd4 Bf6 15. e5 dxe5 16. Nxe5 Re8 17. Ra5 Qd6 18. Nf3 Bxd4 19. Nxd4 Red8 20. Nxe6 Qxd1 21. Nxd1 fxe6 22. Rxe6 Rxd1+ 23. Kh2 Rd2 24. c4 Rxb2 25. c5 Nd7 26. Re7 Rd8 27. c6 bxc6 28. Rxa7 Rxb3 29. Rxc7 Rd3 30. Rxc6 Kf8 31. Re4 Nf6 32. Rf4 R3d6 33. Rc5 Ke7 34. Re5+ Re6 35. Rc5 Rd7 36. g4 g5 37. Rff5 Ne4 38. Rce5 Rd2 39. Rxe6+ Kxe6 40. Rf3 Rxf2+ 41. Rxf2 Nxf2 42. Kg3 Ne4+ 43. Kf3 Ke5 44. Kg2 Nd2 45. Kg3 Ne4+ 46. Kg2 Kf4 47. Kh2 Nd2 48. Kg2 Nc4 49. Kh2 Kf3 50. Kh1 Kg3 51. Kg1 Kxh3 52. Kf2 Kxg4 53. Kg2 Ne3+ 54. Kh2 h5 55. Kh1 Kg3 56. Kg1 h4 57. Kh1 Nc4 58. Kg1 Ne5 59. Kh1 h3 60. Kg1 Nf3+ 61. Kh1 Ne5 62. Kg1 Nd3 63. Kh1 Nf2+ 64. Kg1 h2+ 65. Kf1 h1Q+ 66. Ke2 Qf3+ 67. Kf1 Qd1# 0-1

[Event "Fide Inter Con Cup U18"]
[Site "Tornelo INT"]
[Date "2020.10.10"]
[Round "5"]
[White "Naidoo, Mira"]
[Black "Ramnarine Singh, Aradhana"]
[Result "1-0"]
[WhiteElo "1032"]
[BlackElo "1197"]
[PlyCount "65"]
[EventDate "2020.10.10"]
[EventType "swiss (rapid)"]
[EventRounds "6"]
[EventCountry "NET"]
[SourceTitle "EXT 2022"]
[Source "ChessBase"]
[SourceDate "2021.10.06"]
[SourceVersion "1"]
[SourceVersionDate "2021.10.06"]
[SourceQuality "1"]

1. d4 d5 2. Bf4 Nf6 3. e3 Bd7 4. c3 Nc6 5. Nd2 e6 6. Ngf3 h6 7. Be2 Bd6 8. Bg3 0-0 9. Qc2 Re8 10. Ne5 Nxe5 11. dxe5 Be7 12. exf6 Bxf6 13. Nf3 e5 14. Qb3 Bc6 15. Rd1 e4 16. Nd4 Rc8 17. Bb5 Rf8 18. Bxc6 bxc6 19. Nxc6 Qd7 20. Qxd5 Rcd8 21. Qxd7 Rxd7 22. Rxd7 Re8 23. Ke2 Kh7 24. Rhd1 Re6 25. Rxc7 Bg5 26. Nd4 Ra6 27. a3 Rb6 28. Rd2 a5 29. Rxf7 Rg6 30. Nb3 h5 31. Nxa5 h4 32. Be5 Re6 33. Rf5 1-0

[Event "Fide Inter Con Cup U18"]
[Site "Tornelo INT"]
[Date "2020.10.10"]
[Round "4"]
[White "Ramnarine Singh, Aradhana"]
[Black "Tarasenka, Aliaksandra"]
[Result "0-1"]
[WhiteElo "1197"]
[BlackElo "1827"]
[PlyCount "80"]
[EventDate "2020.10.10"]
[EventType "swiss (rapid)"]
[EventRounds "6"]
[EventCountry "NET"]
[SourceTitle "EXT 2022"]
[Source "ChessBase"]
[SourceDate "2021.10.06"]
[SourceVersion "1"]
[SourceVersionDate "2021.10.06"]
[SourceQuality "1"]

1. e4 c5 2. Nf3 Nc6 3. Bc4 g6 4. 0-0 Bg7 5. c3 e6 6. d4 cxd4 7. cxd4 d5 8. exd5 exd5 9. Bb5 Nge7 10. Re1 0-0 11. Bg5 Be6 12. Nc3 Qb6 13. Bxc6 Nxc6 14. Qd2 Nxd4 15. Nxd4 Qxd4 16. Qxd4 Bxd4 17. Bh6 Bg7 18. Bxg7 Kxg7 19. Re3 d4 20. Rd3 dxc3 21. bxc3 Rfd8 22. Rad1 Rxd3 23. Rxd3 Bxa2 24. h3 b5 25. Kh2 Bc4 26. Rd7 a5 27. g4 a4 28. h4 a3 29. Rd1 a2 30. Ra1 Ra3 31. h5 Rxc3 32. hxg6 hxg6 33. g5 b4 34. f4 b3 35. f5 gxf5 36. Kg2 b2 37. Rxa2 Bxa2 38. Kf2 b1Q 39. Ke2 Qb2+ 40. Kf1 Rc1# 0-1

[Event "Fide Inter Con Cup U18"]
[Site "Tornelo INT"]
[Date "2020.10.10"]
[Round "1"]
[White "Tarasenka, Aliaksandra"]
[Black "Ramnarine Singh, Aradhana"]
[Result "1-0"]
[WhiteElo "1827"]
[BlackElo "1197"]
[PlyCount "67"]
[EventDate "2020.10.10"]
[EventType "swiss (rapid)"]
[EventRounds "6"]
[EventCountry "NET"]
[SourceTitle "EXT 2022"]
[Source "ChessBase"]
[SourceDate "2021.10.06"]
[SourceVersion "1"]
[SourceVersionDate "2021.10.06"]
[SourceQuality "1"]

1. e4 e5 2. Nf3 Nc6 3. d4 d6 4. Bb5 Bg4 5. dxe5 dxe5 6. Qe2 Bc5 7. h3 Be6 8. Nxe5 Nge7 9. Nxc6 bxc6 10. Bd3 0-0 11. Be3 Bxe3 12. Qxe3 Rb8 13. b3 Ra8 14. 0-0 Qd6 15. Nd2 Rfe8 16. Rad1 c5 17. Nc4 Bxc4 18. Bxc4 Qg6 19. Qxc5 Qxe4 20. Rfe1 Qxc2 21. Bxf7+ Kxf7 22. Qxc2 Rad8 23. Rxd8 Rxd8 24. Qxc7 Re8 25. Qxa7 h6 26. b4 g5 27. b5 h5 28. b6 g4 29. b7 Nc6 30. b8Q+ Nxa7 31. Qxe8+ Kf6 32. Re6+ Kg5 33. Qg6+ Kf4 34. Qf6# 1-0